An Introduction to Quantum Field Theory /

Uloženo v:
Podrobná bibliografie
Hlavní autor: Sterman, George (autor)
Médium: Kniha
Jazyk:angličtina
Vydáno: Cambridge, Inglaterra : Cambridge University, 1993, c1993
Témata:
Tagy: Přidat tag
Žádné tagy, Buďte první, kdo vytvoří štítek k tomuto záznamu!

MARC

LEADER 00000nam^a2200000^a^4500
001 000133999
005 20250521000000.0
009 20260310095153.735
020 |a 0-521-31132-2 
037 |a Acervo ITESO - Biblioteca 
041 |a ING 
082 |a 530. 143  |b STE 
100 |a Sterman, George  |e (autor) 
245 1 3 |a An Introduction to Quantum Field Theory /  |c G. Sterman. 
264 4 |a Cambridge, Inglaterra :  |b Cambridge University,  |c 1993, c1993 
300 |a XVII, 572 p. 
336 |a texto  |b txt  |2 rdacontenido 
337 |a sin mediación  |b n  |2 rdamedio 
338 |a volumen  |b nc  |2 rdasoporte 
649 |a XX 
650 |a Teoría de Campos (Física) 
650 |a Relatividad (Física) 
650 |a Ciencias Exactas 
600 |a Mecánica Cuántica 
910 |a Fondo General 
920 |a Impresos - Libros 
930 |a Colección General 
905 |a 101 
901 |a 0500063088  |b IT1  |c ACC  |u 20250521 
902 |a https://opac.biblio.iteso.mx/vufind/Record/000133999